Deutsches Institut für Wirtschaftsforschung Wochenbericht

Guardado en:
Detalles Bibliográficos
Formato: Seriadas
Lenguaje:alemán
Publicado: Berlin Deutsches Institut für Wirtschaftsforschung
Etiquetas: Agregar Etiqueta
Sin Etiquetas, Sea el primero en etiquetar este registro!

MARC

LEADER 00000nas1a22000001 4500
001 s120122
005 20230414122732.2
041 0 |a ger 
044 |a DE 
245 1 0 |a Deutsches Institut für Wirtschaftsforschung  |b Wochenbericht 
264 1 |a Berlin  |b Deutsches Institut für Wirtschaftsforschung